Statystyki dla Największe państwa, bez dostępu do morza

Kliknij tutaj aby rozwiązać quiz!

Ogólne statystyki

  • Ten quiz został rozwiązany 148 razy
  • Średni wynik to 6 z 10

Statystyki odpowiedzi

PowierzchniaOdpowiedź% Poprawnych
2 724 900Kazachstan
94%
1 564 116Mongolia
91%
1 098 581Boliwia
77%
1 240 192Mali
62%
652 230Afganistan
57%
1 104 300Etiopia
51%
644 329Sudan Południowy
47%
752 618Zambia
47%
581 730Botswana
43%
622 984Republika Środkowoafrykańksa
0%

Rozkład punktacji

Percentyl według liczby udzielonych odpowiedzi

Procent ludzi z każdym wynikiem

Twoja historia wyników

Nie rozwiązałeś tego quizu